Coldplay "Everglow" - all lyrics - Statistics

General Stats
  • This quiz has been taken 68 times
  • The average score is 153 of 223
Answer Stats
Lyrics % Correct
I
100%
everglow
95%
go
95%
the
95%
a
92%
come
92%
I'm
92%
When
92%
when
92%
you
89%
an
87%
And
87%
and
87%
me
87%
say
87%
they
87%
gone
82%
know
82%
people
82%
So
82%
that
82%
This
82%
this
82%
but
79%
But
79%
be
76%
give
76%
was
76%
extra
74%
may
74%
Oh
74%
special
74%
cold
71%
feelin'
71%
let
71%
we
71%
who
71%
might
68%
particular
68%
diamond
66%
in
66%
In
66%
light
66%
not
66%
should
66%
if
63%
see
63%
will
63%
with
63%
Like
61%
like
61%
of
61%
on
61%
though
61%
way
61%
is
58%
it
58%
love
58%
There's
58%
what
58%
world
58%
Still
55%
to
55%
can't
53%
them
53%
Yeah
53%
yeah
53%
celestial
50%
flow
50%
miss
50%
night
50%
shadow
50%
gonna
47%
my
47%
end
45%
for
45%
Life
45%
now
45%
water
45%
winds
45%
you're
45%
die
42%
feels
42%
friends
42%
lion
42%
sisters
42%
someone
42%
'til
42%
wherever
42%
as
39%
brothers
39%
don't
39%
live
39%
moment
39%
ran
39%
ride
39%
show
39%
changin'
37%
hold
37%
how
37%
How
37%
swore
37%
things
37%
we'd
37%
within
37%
blood
34%
rolled
34%
snow
34%
circled
32%
eagle
32%
fallin'
32%
goddess
32%
just
32%
move
32%
perfect
32%
short
32%
slow
32%
cars
29%
left
29%
purple
26%
salt
24%
wouldn't
13%
No matching quizzes found
Score Distribution
Percent of People with Each Score
Percentile by Number Answered
Your Score History
You have not taken this quiz